EMPLOYEE TRAINING & DEVELOPMENT (Record no. 9987)

MARC details
000 -LEADER
fixed length control field 00360nam a22001577a 4500
003 - CONTROL NUMBER IDENTIFIER
control field SGT
020 ## - INTERNATIONAL STANDARD BOOK NUMBER
International Standard Book Number 9780071259347
082 ## - DEWEY DECIMAL CLASSIFICATION NUMBER
Classification number 658.3,NOE
100 ## - MAIN ENTRY--PERSONAL NAME
Personal name NOE,RAYMOND A
245 ## - TITLE STATEMENT
Title EMPLOYEE TRAINING & DEVELOPMENT
250 ## - EDITION STATEMENT
Edition statement 4TH
260 ## - PUBLICATION, DISTRIBUTION, ETC. (IMPRINT)
Place of publication, distribution, etc NEW DELHI
Name of publisher, distributor, etc TMH
Year of Publication 2008
300 ## - PAGE DESCRIPTION
No. of Pages 536
650 ## - SUBJECT ADDED ENTRY--TOPICAL TERM
Topical term or geographic name as entry element EMPLOYEE TRAINING & DEVELOPMENT, HRM
942 ## - ADDED ENTRY ELEMENTS (KOHA)
Source of classification or shelving scheme Dewey Decimal Classification
Koha item type Books
942 ## - ADDED ENTRY ELEMENTS (KOHA)
-- 2
Holdings
Withdrawn status Lost status Source of classification or shelving scheme Damaged status Not for loan Collection code Home library Current library Shelving location Date acquired Vendor Name Cost, normal purchase price SGTU Bill Number Full call number Accession No. (Barcode) Date last seen Bill Date Koha item type Total Checkouts Date last borrowed
    Dewey Decimal Classification   Not For Loan COMMERCE MANAGEMENT SGT Science & Social Sciences Library SGT Science & Social Sciences Library Reference Book 06/10/2016 UNIVERSAL BOOK STALL 1195.00 SGTU 307 658.3,NOE CM2513 06/10/2016 15/09/2016 FCM Books    
    Dewey Decimal Classification     COMMERCE MANAGEMENT SGT Science & Social Sciences Library SGT Science & Social Sciences Library Text Book 06/10/2016 UNIVERSAL BOOK STALL 1195.00 SGTU 307 658.3,NOE CM2514 23/06/2025 15/09/2016 FCM Books 5 23/04/2025